000 00848nam a2200253Ia 4500
003 OSt
005 20220926005900.0
006 a|||||r|||| 00| 0
007 ta
008 220923b |||||||| |||| 00| 0 eng d
037 _cGeneral Book
040 _aRTL
_cRTL
_beng
041 _2eng
_aeng
082 _aU6735:(J).2.N9, P0
110 _aTechnology Information Forcasting And Assessment Council
_9311249
245 0 _aTechno market survey on Dryland Farming
260 _a New Delhi
_bTechnology Information Forcasting And Assessment Council India
_c2000
300 _a125p.
_ccm.
500 _aIndian, Science and Technology (Deptt. of-)
650 _aGeography
700 _aTechnology Information Forcasting And Assessment Council
_9311250
942 _hU6735:(J).2.N9, P0
_cGB
_2CC
999 _c615591
_d615591